000 00640nam a2200205Ii 4500
003 JO-AjNU
008 230605s9999||||xx |||||||||||||| ||und||
017 _a2013/4/1035
040 _aJO-AjNU
_bara
_erda
_cJO-AjNU
041 _aara
050 1 4 _aPN51.S526 2013
100 3 _aشاهين، محمد,
_eauthor
_948616
245 0 0 _aإدوارد سعيد: رواية للأجيال
264 3 1 _aعمان: وزارة الثقافة، 2013
300 _a207ص
336 _atext
_btxt
_2rdacontent
337 _aunmediated
_bn
_2rdamedia
338 _avolume
_bnc
_2rdacarrier
650 4 _aالأدب العربي - روايات
_948617
999 _aA21303
_c24871
_d24871